000 00724cam a22002292 4500
999 _c23403
_d23403
001 7848607
003 BDDh-ASL
005 20231015030232.0
008 821208m19131912enk 000 0 eng
010 _a 40037051
040 _aDLC
_cCarP
_dDLC
_dBDDh-ASL
050 0 0 _aPR6003.E6
_bM5 1912a
082 _a910
_bBEM
100 1 _aBennett, Arnold,
_d1867-1931.
245 1 0 _aMilestones and the Great Adventure/
_cby Arnold Bennett and Edward Knoblauch.
250 _a6th ed.
260 _aLondon:
_bMethuen & co., ltd.,
_c1912.
_c1913.
_c1929.
_c1935.
300 _a186 p.
_c19 cm.
700 1 _aKnoblock, Edward,
_d1874-1945,
_ejoint author.
906 _a0
_bcbc
_cpremver
_du
_encip
_f19
_gy-gencatlg
942 _2ddc
_cBK